00636cam a22002054a 4500008004100000020002500041100001800066240004100084245004500125260004700170300002100217504004100238546004300279500002000322651002500342651003600367003000100403005001700404040000900421  a9787119048093 (pbk.)1 aWang, Keping.10aZhongguo wen hua jing shen.lEnglish10aEthos of Chinese culture /cWang Keping. aBeijing :bForeign Languages Press,c2007. a241 p. ;c23 cm. aIncludes bibliographical references. aIn English with some texts in Chinese. aIncludes index. 0aChinaxCivilization. 0aChinaxSocial life and customs.20230123125322.0 cNUST